书目信息 |
| 题名: |
膳食营养防癌300问
|
|
| 作者: | 王金荣 编著 | |
| 分册: | ||
| 出版信息: | 上海 上海科学技术文献出版社 2003.01 |
|
| 页数: | 198页 | |
| 开本: | 20cm | |
| 丛书名: | ||
| 单 册: | ||
| 中图分类: | R730.1 | |
| 科图分类: | ||
| 主题词: | 肿瘤学 | |
| 电子资源: | ||
| ISBN: | 7-5439-2036-0 | |
| 000 | 00573nam0 2200193 45 | |
| 001 | 0457015847 | |
| 005 | 2004060915501540 | |
| 010 | @a7-5439-2036-0@dCNY 12.80 | |
| 100 | @a20040609d2003 km y0chiy0120 ea | |
| 101 | 0 | @achi |
| 102 | @aCN@b310000 | |
| 200 | 1 | @a膳食营养防癌300问@AShan Shi Ying Yang Fang Ai 300 Wen@f王金荣编著@FWang Jin Rong Bian Zhu |
| 210 | @a上海@c上海科学技术文献出版社@d2003.01 | |
| 215 | @a198页@d20cm | |
| 606 | 0 | @a肿瘤学 |
| 690 | @aR730.1@v3 | |
| 701 | 0 | @a王金荣@AWang Jin Rong@4编著 |
| 801 | 0 | @aCN@bPFT@c20040609 |
| 905 | @a安徽大学@dR730.1@eW235 | |
| 膳食营养防癌300问/王金荣编著.-上海:上海科学技术文献出版社,2003.01 |
| 198页;20cm |
| ISBN 7-5439-2036-0:CNY 12.80 |
| ● |
| 相关链接 |
|
|
|
正题名:膳食营养防癌300问
索取号:R730.1/W235
 
预约/预借
| 序号 | 登录号 | 条形码 | 馆藏地/架位号 | 状态 | 备注 |
| 1 | 379818 | 203798186 | 自科库401/401自科库 20排4列1层/ [索取号:R730.1/W235] | 在馆 | |
| 2 | 379819 | 203798195 | 自科库401/ [索取号:R730.1/W235] | 在馆 |